Star Wars EXTREME Trivia - Statistics

General Stats
  • This quiz has been taken 219 times
  • The average score is 11 of 22
Answer Stats
Hint Answer % Correct
Leader of the Death Star (not Vader) Grand Moff Tarkin
91%
Pod racer that Anakin beat on Tatooine Sebulba
80%
Name of Mandalorian armour material Beskar
79%
Captain of above Admiral Ackbar
71%
Name of Obi-Wan's droid R4-P17
71%
large monster in Jabbas Palace Rancor
71%
What covers the surface of the above planet Salt
67%
Planet where Palpatine is killed(for the 2nd time) Exegol
64%
Star Destroyer Class during the Clone Wars Venator-Class
61%
Name of planet the Resistance escapes to Crait
55%
animal Luke shot on Tatooine Womp rat
54%
Outpost on Tatooine Mos Espa
44%
How many languages does C3P0 know 6 million
43%
Name of the Rebel Alliance flagship Home One
43%
Luke's childhood friend Biggs Darklighter
39%
Little animal that lives on Luke Skywalkers hiding place Porgs
27%
Jedi Master who secretly started the creation of clones Syfo-Dyas
25%
Best pod racer this side of the moisture farms Ben Quadinaros
24%
Captain Rex pistol make and model DC-17
22%
gambling outpost/city Canto Bight
20%
vehicle with which Luke shot the animal above T-16 Skyhopper
18%
Name of weapon Luke used to destroy the Death Star Proton Torpedos
7%
No matching quizzes found
Score Distribution
Percent of People with Each Score
Percentile by Number Answered
Your Score History
You have not taken this quiz